| Tag |
First Indicator |
Second Indicator |
Subfields |
| LEADER |
00000cam a2200000 4500 |
| 001 |
in00000099925 |
| 005 |
20150926125638.0 |
| 008 |
760920s1957 ilua 00010 eng |
| 010 |
|
|
|a 57010697
|
| 035 |
|
|
|a (OCoLC)02452506
|
| 035 |
|
|
|9 AAL4088AM
|
| 040 |
|
|
|a DLC
|c GAT
|d TXA
|d UtOrBLW
|
| 049 |
|
|
|a TXAM
|c [380173]
|
| 050 |
0 |
0 |
|a TP345
|b .W44
|
| 082 |
0 |
|
|a 662.67*
|
| 100 |
1 |
|
|a Weil, S. A.
|
| 245 |
1 |
0 |
|a Fundamentals of combustion of gaseous fuels ;
|b a critical literature review /
|c by S. A. Weil [and others].
|
| 264 |
|
1 |
|a Chicago :
|b Institute of Gas Technology,
|c 1957.
|
| 300 |
|
|
|a 63 pages :
|b illustrations ;
|c 28 cm.
|
| 336 |
|
|
|a text
|b txt
|2 rdacontent
|
| 337 |
|
|
|a unmediated
|b n
|2 rdamedia
|
| 338 |
|
|
|a volume
|b nc
|2 rdacarrier
|
| 490 |
1 |
|
|a Institute of Gas Technology. Research bulletin ;
|v 15
|
| 650 |
|
0 |
|a Gas as fuel.
|
| 830 |
|
0 |
|a Research bulletin (Institute of Gas Technology) ;
|v 15.
|
| 999 |
|
|
|a MARS
|
| 999 |
f |
f |
|s 4d5739e5-2a59-3910-ae3f-55390d19fbcf
|i 25b3e18a-6415-31dd-a529-dfb8a36e0038
|t 0
|
| 952 |
f |
f |
|p ric
|a Texas A&M University
|b Rellis Campus
|c Joint Library Facility
|d Remote Storage
|t 0
|e TP345 .W44
|h Library of Congress classification
|i unmediated -- volume
|m A14805605860
|
| 998 |
f |
f |
|a TP345 .W44
|t 0
|l Remote Storage
|